FIFA Club World Cup hosts - Statistics

General Stats
  • This quiz has been taken 45 times
  • The average score is 17 of 21
Answer Stats
Year Host % Correct
2000 Brazil
95%
2005 Japan
95%
2006 Japan
95%
2007 Japan
95%
2008 Japan
95%
2011 Japan
95%
2012 Japan
95%
2015 Japan
95%
2016 Japan
95%
2025 USA
95%
2019 Qatar
79%
2020 Qatar
79%
2023 Saudi Arabia
77%
2009 United Arab Emirates
67%
2010 United Arab Emirates
67%
2017 United Arab Emirates
67%
2018 United Arab Emirates
67%
2021 United Arab Emirates
67%
2013 Morocco
59%
2014 Morocco
59%
2022 Morocco
59%
No matching quizzes found
Score Distribution
Percent of People with Each Score
Percentile by Number Answered
Your Score History
You have not taken this quiz